00878nam a22001337a 4500003000400000020001500004082001300019100002200032245003300054260002600087300000800113650003200121653059100153SGT a8176710148 a540, GLA aGLASSTONE SAMUEL  aTHERMODYNAMICS FOR CHEMISTS  aNEW DELHI bEWPc2015 a522 aCHEMISTRY & ALLIED SCIENCE  a Heat, Work and Energy, Properties of Thermodynamics Systems, The First Law of Thermodynamics, Heat Changes and Heat Capacities, Thermochemistry, Calculation of Energy and Heat Capacity, The Second Law of Thermodynamics, Entropy Relationship and Applications, Entropy Determination and Significance, Free Energy, Phase Equilibria, Fugacity and Activity, Free Energy and Chemical Reactions, The Properties of Solutions, Activities and Activity Coefficients, Solutions of Electrolytes, The Debye-Huckel Theory, Partial Molar Properties, E.M.F.'s and The Thermodynamics of Ions Appendix